Reporting technical information

Bibliographic Details
Main Author: Houp, Kenneth W.
Other Authors: Pearsell, Thomas E.
Format: Book
Edition:5th ed
Subjects:

MARC

LEADER 00000cam a2200000 7i4500
001 0000000266
005 20050418.0
020 |a 0024749206 
040 |a INS 
090 0 0 |a T11.   |b H59 1984 
100 1 |a Houp, Kenneth W. 
245 1 0 |a Reporting technical information   |c Kenneth W. Houp 
250 |a 5th ed 
300 |a xvii, 549 :   |b ill ;   |c 24cm. 
500 |a Includes index 
650 0 0 |a Technical Writing 
700 1 |a Pearsell, Thomas E. 
999 |a 0000003329   |b BOOK   |c Open Shelf   |e Default branch